000 01391nam a22003617a 4500
003 CHAP
005 20220329141442.0
008 971013s1978 r 00010 d
010 _a68373
011 _a69345
035 _a78821
040 _cCHAP
082 _a972.081
_bT37
100 0 0 _aTaracena, Alfonso.
_9111678
245 _aHistoria ilustrada de la Revolución Mexicana
_b: de Porfirio Díaz a Miguel de la Madrid
260 _aMéxico :
_bDistribuidora de Ediciones Pedagógicas,
_c1978
300 _a4 v.
_b: ilus.
500 _a29-8
590 _aBATCH-UPD
_b10
_c20130110
_lUCH01
_h1808
590 _aBATCH-UPD
_b10
_c20130410
_lUCH01
_h1143
590 _aBATCH-UPD
_b10
_c20130914
_lUCH01
_h1825
590 _aBATCH-UPD
_b10
_c20161124
_lUCH01
_h1711
590 _aCONVERSION
_b10
_c20130109
_lUCH01
_h1338
650 1 4 _aMéxico
_xHistoria
_xPorfiriato.
_976764
650 1 4 _aMéxico
_xHistoria
_xRevolución.
_976768
651 4 _aMéxico
_xPolítica y gobierno.
_976783
901 _aBK
942 _cLIBRO
949 _a972.081 T37
_bBC
_cLIBRO
_d33724000652970
_eLIBRO
_fv.1
_gI.145840
_h75305
_i78821
_si
_t400.00
949 _a972.081 T37
_bBC
_cLIBRO
_d33724000653002
_eLIBRO
_fv.3
_h75307
_i78821
_si
_t400.00
949 _a972.081 T37
_bBC
_cLIBRO
_d33724000653010
_eLIBRO
_fv.2
_h75306
_i78821
_si
_t400.00
949 _a972.081 T37
_bBC
_cLIBRO
_d33724000890422
_eLIBRO
_fv.4
_h75308
_i78821
_si
_t400.00
999 _c68373
_d68373